Airbus a Boeing - kto z koho?

Analýza úspešnosti Airbusu a Boeingu v získavaní objednávok z rôznych svetových regiónov. Faktor regionálnej identity a jeho vplyv na rozhodnutie aerolínií o tom, lietadlá ktorého výrobcu obstarať. Závery z analýzy - americkí klienti uprednostňujú Boeing, zatiaľ čo európski klienti preferujú Airbus....

Full description

Saved in:
Bibliographic Details
Main Author: Grančay, Martin, 1984-2024
Format: Book Chapter
Language:Slovak
Subjects:
Tags: Add Tag
No Tags, Be the first to tag this record!

MARC

LEADER 00000nla$a2200000$$$4500
001 0125662
005 20240502083318.8
041 0 |a slo 
044 |a CZ 
245 1 0 |a Airbus a Boeing - kto z koho?  |c Martin Grančay 
520 |a Analýza úspešnosti Airbusu a Boeingu v získavaní objednávok z rôznych svetových regiónov. Faktor regionálnej identity a jeho vplyv na rozhodnutie aerolínií o tom, lietadlá ktorého výrobcu obstarať. Závery z analýzy - americkí klienti uprednostňujú Boeing, zatiaľ čo európski klienti preferujú Airbus. Miera preferencie Boeingu v Severnej Amerike je pritom vyššia ako miera preferencie Airbusu v Európe. V ostatných regiónoch hrá pri výbere dodávateľa lietadiel významnú úlohu historické a politické prepojenie regiónu na USA alebo Európu. Najvyššiu preferenciu Airbusu vykazujú klienti z Blízkeho východu. Najvyššiu preferenciu Boeingu majú klienti z Oceánie. 
610 2 0 |a doprava letecká 
610 2 0 |a spoločnosti 
610 2 0 |a regióny 
610 2 0 |a zákazníci 
610 2 0 |a národnosti 
610 2 0 |a objednávky 
610 2 0 |a analýzy 
610 2 0 |a výskum 
100 1 |a Grančay, Martin, 1984-2024